South Eastern Kenya University

Library Online Public Access Catalogue


Physical chemistry through problems (Record no. 3956)

MARC details
000 -LEADER
fixed length control field 00459nam a22001817a 4500
003 - CONTROL NUMBER IDENTIFIER
control field OSt
005 - DATE AND TIME OF LATEST TRANSACTION
control field 20150615102129.0
008 - FIXED-LENGTH DATA ELEMENTS--GENERAL INFORMATION
fixed length control field 150615b xxu||||| |||| 00| 0 eng d
040 ## - CATALOGING SOURCE
Original cataloging agency SEKU
050 ## - LIBRARY OF CONGRESS CALL NUMBER
Classification number QD 456
Item number .6
100 ## - MAIN ENTRY--PERSONAL NAME
Personal name S.K Dogra
245 ## - TITLE STATEMENT
Title Physical chemistry through problems
260 ## - PUBLICATION, DISTRIBUTION, ETC. (IMPRINT)
Place of publication, distribution, etc. New Delhi:
Name of publisher, distributor, etc. Wiley Eastern Limited,
Date of publication, distribution, etc. 1984.
300 ## - PHYSICAL DESCRIPTION
Extent 674p.
600 ## - SUBJECT ADDED ENTRY--PERSONAL NAME
Personal name S .Dogra
610 ## - SUBJECT ADDED ENTRY--CORPORATE NAME
Form subdivision chemistry
General subdivision physical and theoretical
942 ## - ADDED ENTRY ELEMENTS (KOHA)
Source of classification or shelving scheme Library of Congress Classification
Koha item type General circulation
Holdings
Withdrawn status Lost status Source of classification or shelving scheme Damaged status Not for loan Home library Current library Date acquired Cost, normal purchase price Total Checkouts Total Renewals Full call number Barcode Date last seen Date last checked out Cost, replacement price Price effective from Koha item type
    Library of Congress Classification     Main Campus Library Main Campus Library 15/06/2015 1620.00 13 3 QD 456 .D6 2017/020462 07/12/2022 21/11/2022 2120.00 15/06/2015 General circulation
Kitui, Kenya.
+254736116989
library@seku.ac.ke